God's big picture : (Record no. 4004)

MARC details
000 -LEADER
fixed length control field 01318cam a2200301Ia 4500
001 - CONTROL NUMBER
control field 60340749
003 - CONTROL NUMBER IDENTIFIER
control field OCoLC
005 - DATE AND TIME OF LATEST TRANSACTION
control field 20181127183719.0
008 - FIXED-LENGTH DATA ELEMENTS--GENERAL INFORMATION
fixed length control field 050511s2002 ilua b 000 0 eng d
020 ## - INTERNATIONAL STANDARD BOOK NUMBER
International Standard Book Number 9780830853649
020 ## - INTERNATIONAL STANDARD BOOK NUMBER
International Standard Book Number 9780830853649
035 ## - SYSTEM CONTROL NUMBER
System control number (OCoLC)60340749
040 ## - CATALOGING SOURCE
Original cataloging agency DWT
Language of cataloging eng
Transcribing agency DWT
Modifying agency BAKER
-- CVN
-- SGB
-- BDX
-- OCLCQ
-- OCLCF
082 ## - DEWEY DECIMAL CLASSIFICATION NUMBER
Classification number 220.6
Item number R643G
092 0# - LOCALLY ASSIGNED DEWEY CALL NUMBER (OCLC)
Classification number 220.6
Item number R5445g, 2002
100 1# - MAIN ENTRY--PERSONAL NAME
Personal name Roberts, Vaughan.
245 10 - TITLE STATEMENT
Title God's big picture :
Remainder of title tracing the storyline of the Bible /
Statement of responsibility, etc. Vaughan Roberts.
260 ## - PUBLICATION, DISTRIBUTION, ETC.
Place of publication, distribution, etc. Downers Grove, Ill. :
Name of publisher, distributor, etc. InterVarsity Press,
Date of publication, distribution, etc. ©2002.
300 ## - PHYSICAL DESCRIPTION
Extent 160 pages :
Other physical details illustrations ;
Dimensions 21 cm
336 ## - CONTENT TYPE
Content type term text
Content type code txt
Source rdacontent
337 ## - MEDIA TYPE
Media type term unmediated
Media type code n
Source rdamedia
338 ## - CARRIER TYPE
Carrier type term volume
Carrier type code nc
Source rdacarrier
504 ## - BIBLIOGRAPHY, ETC. NOTE
Bibliography, etc. note Includes bibliographical references.
505 0# - FORMATTED CONTENTS NOTE
Formatted contents note The Bible is one book -- The kingdom of God -- The pattern of the kingdom -- The perished kingdom -- The promised kingdom -- The partial kingdom -- The prophesied kingdom -- The present kingdom -- The proclaimed kingdom -- The perfected kingdom.
520 ## - SUMMARY, ETC.
Summary, etc. Vaughan Roberts gives you the big picture--showing how the different parts of the Bible fit together under the theme of the kingdom of God. --from publisher description.
630 00 - SUBJECT ADDED ENTRY--UNIFORM TITLE
Uniform title Bible
General subdivision Theology.
942 ## - ADDED ENTRY ELEMENTS (KOHA)
Source of classification or shelving scheme Dewey Decimal Classification
Koha item type Books
Holdings
Withdrawn status Lost status Source of classification or shelving scheme Damaged status Not for loan Collection code Home library Current library Shelving location Date acquired Cost, normal purchase price Total Checkouts Full call number Barcode Date last seen Price effective from Koha item type
    Dewey Decimal Classification   Not For Loan Non-fiction Harvest Mission College Harvest Mission College General Stacks 27.11.2018 150.00   220.6 R643G 004622 27.11.2018 27.11.2018 Books

OPAC Designed and Maintained by HMC Library Team.
Copyright © HMC Library,Greater Noida, UP.
For any Suggestions/Query Contact library via Email:libhmc@gmail.com